000 01260nam0a22003131 4500
001 rc\3630046
005 20130115144800.4
021 _aRU
_b[74-102161]
035 _a(NLR Aleph) 007824483
090 _a7754569
_c7754569
100 _a20130115d1974 |||y0rusy50 ca
101 1 _arus
_ceng
102 _aRU
105 _ay z |||||
200 1 _aКоренные американцы
_eНовое движение сопротивления индейцев
_fРед. пер. с англ., вступ. статья и коммент. д-ра ист. наук Ю.П. Аверкиевой
210 _aМосква
_cПрогресс
_d1974
215 _a94 с.
_d20
300 _aДоп. тит. л.: William Meyer ('yonv'ut'sisla: Burning Bear). Native americans
300 _aПеред загл. авт.: Уильям Мейер (Йонв'ут'сисла - "Разгневанный Медведь")
320 _aСписок лит.: с. 90-92
513 0 _aNative americans
606 _aИндейцы США
_2psbo
700 1 _aМейер
_bУ.
_f1938-
_gУильям
702 1 _aАверкиева
_bЮ. П.
_4340
_4080
_4212
801 0 _aRU
_bNLR
_gpsbo
801 1 _aRU
_bELAR
_2rusmarc
852 _aNLR
_j74-4/34008
942 _cBOOK
980 _aNB